000 01879 a2200217 4500
001 16077
005 20260407155454.0
008 260407a1992 arg spa d
003 AR-UNSa-BCEJYS
040 _aAR-UNSa-BCEJYS
_bspa
_cAR-UNSa-BCEJYS
080 _a657
_xContabilidad
245 1 0 _aNuevas normas contables
_p1984-1992
020 _a950-537-216-7
264 1 _aBuenos Aires :
_bEdiciones Macchi
_c1992
300 _axxxiv, 524 p.
_c23 cm.
505 _a1. La sanción de normas contables en la Argentina - 2. Las principales novedades 1984-1992 - 3. La RT 4 sobre consolidación de estados contables - 4. La RT sobre inversiones en sociedades controladas y vinculadas - 5. La RT 6 sobre ajustes por inflación - 6. Las RTS 8 y 9 sobre contenido y forma de los estados contables - 7. La RT 10 sobre normas contables profesionales - 8. El informe 15 sobre estados contables de entes sin fines de lucro - 9. La recomendación 1/89 sobre el empleo de paridades teóricas - 10. El proyecto de Ley 24.032 de unificación de los códigos civil y comercial - 11. Proyectos legislativos sobre ajustes por inflación - 12. Normas contables profesionales - 13. Normas de la Inspección General de Justicia - 14. Normas de la comisión nacional de valores - 15. Normas de la bolsa de comercio de Buenos Aires - 16. Normas del Banco Central de la República Argentina - 17. Normas de la superintendencia de seguros de la nación - 18. Normas del instituto nacional de acción cooperativa - 19. Normas del instituto nacional de acción mutual - 20. Normas del instituto nacional de obras sociales - 21. Normas para fondos comunes de inversión
942 _cBK
590 _aniveau_biblio:m niveau_hierar:0
100 1 _aFowler Newton, Enrique
856 4 1 _uhttps://t0.gstatic.com/images?q=tbn:ANd9GcRdNrqvWjCf2zhOXkXVrm1nmzXO0ETAM9WxqvBDhUEXvJ1DFiQ_eg
_yImagen de portada
_qimage/jpeg
999 _c692
_d692